[Event "AUT-chT2M 1112"]
[Site "Austria"]
[Date "2011.10.21"]
[Round "1.5"]
[White "Humer, Wolfgang"]
[Black "Pfaffel, Thomas"]
[Result "1-0"]
[WhiteElo "2244"]
[BlackElo "2199"]
[PlyCount "106"]
[EventDate "2011.10.21"]
[EventType "team-tourn"]
[EventRounds "11"]
[EventCountry "AUT"]
[SourceTitle "EXT 2013"]
[Source "ChessBase"]
[SourceDate "2012.11.22"]
[SourceVersion "1"]
[SourceVersionDate "2012.11.22"]
[SourceQuality "1"]
[WhiteTeam "Grieskirchen/Schallerbach"]
[BlackTeam "Graz Austria"]
[WhiteTeamCountry "AUT"]
[BlackTeamCountry "AUT"]

1. e4 c5 2. Ne2 d6 3. g3 Nf6 4. Bg2 Nc6 5. 0-0 g6 6. c3 Bg7 7. d4 cxd4 8. cxd4 0-0 9. Nbc3 Bg4 10. f3 Bd7 11. Be3 Rc8 12. Qd2 a6 13. Rac1 b5 14. Rfd1 Qa5 15. b3 Rfd8 16. d5 Ne5 17. Nd4 Rc7 18. Rc2 Rdc8 19. Rdc1 Kf8 20. h3 b4 21. Nce2 Rxc2 22. Rxc2 Rxc2 23. Qxc2 Bb5 24. Nc1 Ne8 25. Nxb5 Qxb5 26. Qc8 f5 27. Bf1 Qa5 28. Kf2 fxe4 29. fxe4 Qa3 30. Qxa6 Qb2+ 31. Qe2 Qb1 32. Bg2 Nf6 33. Bd2 Nfd7 34. Kg1 Nc5 35. Kh2 Qc2 36. Qf1+ Ke8 37. Bxb4 Nxe4 38. Qe2 Qxc1 39. Bxe4 Bh6 40. Be1 Be3 41. a4 Qc5 42. a5 Qd4 43. Qc2 Bd2 44. Qb1 Bxe1 45. Qxe1 Qb2+ 46. Kh1 Qxb3 47. a6 Qc4 48. a7 Qa4 49. Qe3 Nd7 50. Bd3 Qa1+ 51. Qg1 Qa5 52. Bb5 Kd8 53. Bc6 Nc5 1-0

[Event "Graz op 18th"]
[Site "Graz"]
[Date "2011.09.03"]
[Round "8"]
[White "Pfaffel, Thomas"]
[Black "Horvath, Reka"]
[Result "0-1"]
[WhiteElo "2199"]
[BlackElo "1968"]
[PlyCount "81"]
[EventDate "2011.08.27"]
[EventType "swiss"]
[EventRounds "9"]
[EventCountry "AUT"]
[SourceTitle "CBM 144 Extra"]
[Source "ChessBase"]
[SourceDate "2011.10.28"]
[SourceVersion "1"]
[SourceVersionDate "2011.10.28"]
[SourceQuality "1"]

1. e4 c5 2. Nf3 d6 3. d4 cxd4 4. Nxd4 Nf6 5. Nc3 g6 6. Be3 Bg7 7. f3 0-0 8. Qd2 Nc6 9. 0-0-0 d5 10. exd5 Nxd5 11. Nxc6 bxc6 12. Bd4 e5 13. Bc5 Be6 14. Ne4 Re8 15. h4 h6 16. c4 Qc7 17. Ba3 Nb6 18. Qc2 Red8 19. Be2 Rd4 20. Bc5 Nd7 21. Bxd4 exd4 22. Bd3 a5 23. Kb1 c5 24. g4 Rb8 25. Rh2 Ne5 26. Rf2 Rb4 27. a3 Nxd3 28. Rxd3 Rxc4 29. Qd1 a4 30. Nd2 Qb6 31. Nxc4 Bxc4 32. Rc2 Ba6 33. Rdd2 c4 34. Ka1 Qc5 35. Qg1 Qd6 36. Rc1 d3 37. Kb1 Bd4 38. Qe1 Qb6 39. Qe8+ Kg7 40. Qxa4 c3 41. Rdd1 0-1

[Event "Graz op 18th"]
[Site "Graz"]
[Date "2011.09.02"]
[Round "7"]
[White "Hocevar, Nikola"]
[Black "Pfaffel, Thomas"]
[Result "1/2-1/2"]
[WhiteElo "2028"]
[BlackElo "2199"]
[PlyCount "27"]
[EventDate "2011.08.27"]
[EventType "swiss"]
[EventRounds "9"]
[EventCountry "AUT"]
[SourceTitle "CBM 144 Extra"]
[Source "ChessBase"]
[SourceDate "2011.10.28"]
[SourceVersion "1"]
[SourceVersionDate "2011.10.28"]
[SourceQuality "1"]

1. c4 Nf6 2. Nc3 b6 3. d4 Bb7 4. e3 e6 5. Nf3 Ne4 6. Nxe4 Bxe4 7. a3 c5 8. Bd3 Bb7 9. 0-0 Be7 10. b3 cxd4 11. exd4 Bf6 12. Bb2 0-0 13. Qe2 d5 14. Rac1 1/2-1/2

[Event "Graz op 18th"]
[Site "Graz"]
[Date "2011.09.01"]
[Round "6"]
[White "Pfaffel, Thomas"]
[Black "Staufenberger, Bernd"]
[Result "1/2-1/2"]
[WhiteElo "2199"]
[BlackElo "2067"]
[PlyCount "38"]
[EventDate "2011.08.27"]
[EventType "swiss"]
[EventRounds "9"]
[EventCountry "AUT"]
[SourceTitle "CBM 144 Extra"]
[Source "ChessBase"]
[SourceDate "2011.10.28"]
[SourceVersion "1"]
[SourceVersionDate "2011.10.28"]
[SourceQuality "1"]

1. e4 e6 2. d4 d5 3. Nd2 Be7 4. Bd3 c5 5. dxc5 Na6 6. exd5 Qxd5 7. Be4 Qxc5 8. Ne2 Nf6 9. Bf3 Nb4 10. Nc3 Qe5+ 11. Kf1 0-0 12. a3 Nbd5 13. Nxd5 exd5 14. Nb3 Bd7 15. Nd4 Rad8 16. h3 Ne4 17. g3 g5 18. Kg2 f5 19. Re1 h5 1/2-1/2